=LDR 00000nam 2200000 4500 =001 INLIS000000000045423 =005 20150129091157.0 =006 =007 =008 =035 ##$$0010-011500000000249 =082 ##$$a 347.01-Roi-u =100 ##$$a Drs.H.Roihan A.Rasyid,SH =245 ##$$a Upaya hukum terhadap putusan peradilan agama =250 ##$$a Cet.1 =260 ##$$a Jakarta $b Pedoman Ilmu Jaya $c 1989 =300 ##$$a x,177 Hlm $c 20 Cm =850 ##$$aNBPNMAT =990 ##$$a 0001/BPAP-NTB/20142015